Регионална библиотека "Любен Каравелов" - Русе

Обича ме, не те обича (Запис номер 178414)

MARC детайли
000 -Лидер
Контролно поле с фиксирана дължина 01398nam a2200337 c 4500
003 - Код на организацията, давaща контролен номер
Контролно поле BLK
005 - Дата и час на последна редакция
Контролно поле 20250630171248.0
008 - Елементи от данни с фиксирана дължина
fixed length control field 180411b bul|||||r ||||||| ||bul||
010 ## - Наследен системен номер
LC control number KNG00187136000
020 ## - Международен стандартен номер на книга ISBN
Международен стандартен номер на книга ISBN 978-954-28-2002-4
-- издат.: Сиела Норма
040 ## - Източник на каталожния запис
Идентификатор на билиотеката - собственик на записа BLK
041 ## - Код за език
Код за езика на текст/звукозапис или на отделно заглавие Български
Код за езика КДБФ Български
072 #7 - Код за тематичната категория
Код организация bullib
Код за тематична категория Н84
Текст Българска художествена литература Н
080 ## - УДК
Текстов определител УДК Българска литература
УДК код - определител по УДК 821.163.2
УДК определител -32
УДК - код + определител 821.163.2-32
100 1# - Редна дума - Автор
Автор Попов, Алек
Дати, свързани с автора 1966-
Пълна форма на името Попов, Александър Василев
Авторска отговорност първи автор
R(LIN) 222582
139 ## - Редно поле
Редна дума Обича ме, не те обича
Авторски знак Оби - О 13
245 10 - Сведения за заглавието
Заглавие Обича ме, не те обича
Подзаглавни данни Нови разкази за любов
Редно поле (дума) Алек Василев Попов; състав. Захари Карабашлиев.
257 ## - Страна на издаване
Страна на създаване/издаване България
260 ## - Област на издателските данни
-- София
Име на издателя, разпространителя и проч. Сиела Норма
Година на издаване 2016
Печатница София : Алианс принт
300 ## - Физическа характеристика
Страници 192 с.
Размери/Мащаб 21 см
380 ## - Жанр
Жанр Худож. лит.
653 ## - Ключова дума – ненормативна
Ключова дума разкази
659 ## - Тематичен бюлетин
Тематичен бюлетин Н
700 1# - Други автори (авторска отговорност)
Лично име Карабашлиев, Захари Тодоров
Автороска отговорност (Описва отношението между автора и произведението) състав.
9 (RLIN) 76268
852 ## - Местоположение
Форматна сигнатура Цб 279985
856 4# - Електронен адрес и достъп
Електронен формат pdf - файл
Път до файла /url/
856 4# - Електронен адрес и достъп
Електронен формат pdf - файл
Път до файла /url/
942 ## - АРТИКУЛИ
Вид на библиотечния материал Книги
Скрит в OPAC Не
Koha issues (borrowed), all copies 15
944 ## - СЪЗДАВАНЕ И РЕДАКЦИЯ на ЗАПИСА
Създаване/Редакция Създаване
Дата на регистрацията/редакция 14.03.2016
Статус, дата на статуса Минев Младен
Служител, извършил регистрацията/редакцията 30530
944 ## - СЪЗДАВАНЕ И РЕДАКЦИЯ на ЗАПИСА
Създаване/Редакция Редакция
Дата на регистрацията/редакция 18.10.2016
Статус, дата на статуса ф /
Служител, извършил регистрацията/редакцията Пенка_Димитрова
999 ## - СИСТЕМНИ КОНТРОЛНИ НОМЕРА
Koha biblionumber 178414
Koha biblioitemnumber 178414
Наличности
Код за отписване Код за изгубен артикул Код за повреда Коз за рестрикции Код за отдаване Артикулен № Име на библиотеката - собственик Име на библиотеката, в която се намира в момента Статус (Текущо местоположение) Дата на вписване в системата Местоположение - отдел Цена в лева Инвентарен номер Систематично азбучна сигнатура Баркод Номер на екземпляра Цена в евро Служебна бележка Служебен тип на артикула Източник на класификационната схема
  Не е изгубен Не е повреден без рестрикции заемане за дома 306374 Регионална библиотека "Любен Каравелов" Русе Регионална библиотека "Любен Каравелов" Русе Заемна - подръчен фонд 2016-03-15 Заемна - подръчен фонд 6.46 120000798930 П 886.7-32/О 13 120000798930 1 3.30 Дост: Pk Вид: Ф N: 1326 Дата: 03.03.2016 Дата инв: 13.02.2018 Бележки инв: П2018 Книги  
  Не е изгубен Не е повреден без рестрикции заемане за дома 306375 Регионална библиотека "Любен Каравелов" Русе Регионална библиотека "Любен Каравелов" Русе Заемна - подръчен фонд 2016-03-15 Заемна - подръчен фонд 6.46 120000798931 П 886.7-32/О 13 120000798931 2 3.30 Дост: Pk Вид: Ф N: 1326 Дата: 03.03.2016 Дата инв: 13.02.2018 Бележки инв: П2018 Книги  
  Не е изгубен Не е повреден без рестрикции заемане за дома 306376 Регионална библиотека "Любен Каравелов" Русе Регионална библиотека "Любен Каравелов" Русе Заемна - подръчен фонд 2016-03-15 Заемна - подръчен фонд 6.46 120000798932 П 886.7-32/О 13 120000798932 3 3.30 Дост: Pk Вид: Ф N: 1326 Дата: 03.03.2016 Дата инв: 13.02.2018 Бележки инв: П2018 Книги  
  Не е изгубен Не е повреден без рестрикции заемане за дома 306377 Регионална библиотека "Любен Каравелов" Русе Регионална библиотека "Любен Каравелов" Русе Заемна - подръчен фонд 2016-03-15 Заемна - подръчен фонд 6.46 120000798933 П 886.7-32/О 13 120000798933 4 3.30 Дост: Pk Вид: Ф N: 1326 Дата: 03.03.2016 Дата инв: 13.02.2018 Бележки инв: П2018 Книги Universal Decimal Classification
  Не е изгубен Не е повреден без рестрикции ползва се в читалня 306378 Регионална библиотека "Любен Каравелов" Русе Регионална библиотека "Любен Каравелов" Русе Хранилище 2016-10-18 Хранилище 12.90 120000804888 Цб 279985 120000804888 5 6.60 Дост: Dp Вид: Д N: 39 Дата: 30.08.2016 Книги  
  Не е изгубен Не е повреден без рестрикции заемане за дома 692729 Регионална библиотека "Любен Каравелов" Русе Регионална библиотека "Любен Каравелов" Русе Заемна - подръчен фонд 2019-03-07 Заемна - подръчен фонд 12.90   П 886.7-32/О 13 120000830582   6.60   Книги Universal Decimal Classification
Vip Innovations Ltd, Rousse, Bulgaria 2025